<?xml version="1.0" encoding="UTF-8"?>
<record
    xmlns:xsi="http://www.w3.org/2001/XMLSchema-instance"
    xsi:schemaLocation="http://www.loc.gov/MARC21/slim http://www.loc.gov/standards/marcxml/schema/MARC21slim.xsd"
    xmlns="http://www.loc.gov/MARC21/slim">

  <leader>00483nam a2200145   4500</leader>
  <datafield tag="999" ind1=" " ind2=" ">
    <subfield code="c">113593</subfield>
    <subfield code="d">113593</subfield>
  </datafield>
  <controlfield tag="005">20190916094705.0</controlfield>
  <controlfield tag="008">190821b           ||||| |||| 00| 0 eng d</controlfield>
  <datafield tag="040" ind1=" " ind2=" ">
    <subfield code="c">PK-LaUMT</subfield>
  </datafield>
  <datafield tag="082" ind1=" " ind2=" ">
    <subfield code="a">320.954912</subfield>
    <subfield code="b">KHA-H</subfield>
  </datafield>
  <datafield tag="100" ind1=" " ind2=" ">
    <subfield code="a">Khan Abdul Wali Khan =  &#x62E;&#x627;&#x646; &#x639;&#x628;&#x62F;&#x627;&#x644;&#x648;&#x644;&#x6CC; &#x62E;&#x627;&#x646;</subfield>
  </datafield>
  <datafield tag="245" ind1=" " ind2=" ">
    <subfield code="a">Haqaiq haqaiq hain =  &#x62D;&#x642;&#x627;&#x626;&#x642; &#x62D;&#x642;&#x627;&#x626;&#x642; &#x6BE;&#x6CC;&#x6BA; /</subfield>
    <subfield code="c">Khan Abdul Wali Khan =  &#x62E;&#x627;&#x646; &#x639;&#x628;&#x62F;&#x627;&#x644;&#x648;&#x644;&#x6CC; &#x62E;&#x627;&#x646;</subfield>
  </datafield>
  <datafield tag="260" ind1=" " ind2=" ">
    <subfield code="a">Lahore :</subfield>
    <subfield code="b">Fiction House,</subfield>
    <subfield code="c">2019</subfield>
  </datafield>
  <datafield tag="300" ind1=" " ind2=" ">
    <subfield code="a">251 p.</subfield>
  </datafield>
  <datafield tag="942" ind1=" " ind2=" ">
    <subfield code="c">BK</subfield>
  </datafield>
  <datafield tag="952" ind1=" " ind2=" ">
    <subfield code="0">0</subfield>
    <subfield code="1">0</subfield>
    <subfield code="4">0</subfield>
    <subfield code="7">0</subfield>
    <subfield code="a">01</subfield>
    <subfield code="b">01</subfield>
    <subfield code="d">2019-08-21</subfield>
    <subfield code="l">6</subfield>
    <subfield code="o">320.954912 KHA-H</subfield>
    <subfield code="p">131169</subfield>
    <subfield code="r">2024-09-10 13:12:47</subfield>
    <subfield code="s">2024-08-12</subfield>
    <subfield code="w">2019-08-21</subfield>
    <subfield code="y">BK</subfield>
  </datafield>
</record>
